8. národné fórum produktivity stratégie pre excelentnosť : [zborník prednášok] : Žilina, 12.-13. 10. 2005

Bibliographic Details
Corporate Author: Národné fórum produktivity Žilina, Slovensko
Other Authors: Dulina, Ľuboslav (Compiler), Klacková, Martina (Compiler)
Format: Conference Proceeding Book
Language:Slovak
Czech
PhysicalDescription:94 s. sch., tab. 29 cm
Published: Žilina Slovenské centrum produktivity 2005
ISBN:8096939106 (brož.)
Edition:1. vyd.
Subjects:

MARC

LEADER 00000nam a2200000 a 4500
001 vtls008943452
003 SK-MaSNL
005 20260302075622.0
008 171123s2005 xo l f 100 0 slo
015 |a SNBA2007/06-02420 
020 |a 8096939106 (brož.) 
035 |a 1386BC63-D580-44CE-A1B1-77CDC68E2684 
035 |a urn:nbn:sk:snk-amtfg9 
035 |a urn:nbn:sk:snk-am00cb8r 
040 |a SNK  |b slo  |c SNK  |e AACR2 
041 0 |a slo  |a cze 
044 |a xo  |c SK 
072 7 |a 005  |x Manažment. Riadenie  |2 konspekt 
080 |a 658.5-025.21  |2 2001 
080 |a (062.534)  |2 2001 
080 |a 005.61  |2 2001 
111 2 |a Národné fórum produktivity  |n (8. :  |d 2005 :  |c Žilina, Slovensko)  |9 84050 
245 1 0 |a 8. národné fórum produktivity  |b stratégie pre excelentnosť : [zborník prednášok] : Žilina, 12.-13. 10. 2005  |c [zostavovatelia: Ľuboslav Dulina, Martina Klacková] 
246 3 |a Ôsme národné fórum produktivity 
250 |a 1. vyd. 
260 |a Žilina  |b Slovenské centrum produktivity  |c 2005 
300 |a 94 s.  |b sch., tab.  |c 29 cm 
366 |e 250 výtl. 
504 |a Bibliogr. odkazy 
546 |a Čiast. text čes. 
650 0 7 |a produktivita  |2 SNKPH  |9 14205 
650 0 7 |a Productivity  |2 SNKPHeng  |9 267928 
650 0 7 |a výrobné systémy  |2 SNKPH  |9 29111 
650 0 7 |a Manufacturing systems  |2 SNKPHeng  |9 275577 
655 7 |a zborníky konferencií  |2 SNKPH  |9 70153 
655 7 |a Proceedings of conferences  |2 SNKPHeng  |9 265791 
700 1 |a Dulina, Ľuboslav  |4 com  |9 300008 
700 1 |a Klacková, Martina  |4 com  |9 318690 
919 |a 80-969391-0-6 
958 |a OND 
958 |a ART 
958 |a NB 
968 |d 0 
999 |c 1169931  |d 1171861 
952 |a SNK  |b SNK  |y VYP  |7 0  |p 17A0539294  |o snkSB 73787 D1  |i snk2007/3519  |8 0  |0 0  |1 0  |4 0  |d 2007-02-07  |l 0  |r 2016-06-30 00:00:00  |w 2026-02-24 
952 |a SNK  |b SNK  |y PREZ  |7 0  |p 17A0539293  |o snkSB 73787  |i snk2007/3518  |8 0  |0 0  |1 0  |4 0  |d 2007-02-07  |f 1  |l 0  |r 2025-04-24 00:00:00  |w 2026-02-24